000 00583nam a22001937a 4500
005 20150429115205.0
010 _aENG-112252
020 _c680.00
035 _aEN-95784
037 _bDBAD/PUB
082 _a361.954
100 _aAshok, A.
245 _aSocial issues in India :
_cby A. Ashok [and] P.V. Lakshmaiah
_bfor UPSC & other competitive examinations /
260 _aHyderabad
_bTelugu Akademi
_c2013
270 _aTelugu Akademi
_bHyderabad
_e500029
300 _a852p.
_b26cm(pbk)
700 _aLakshmaiah, P.V.
942 _2ddc
_cEN
_mASH
_h361.954
999 _c91961
_d91961